000 01049nam a2200253 i 4500
001 54923
003 ES-MaACL
005 20250804063405.0
007 t|
008 940301s1889 sp b |||| | spa d
100 1 _aGarcía, Juan Catalina,
_d1845-1911
_954060
245 1 0 _aEnsayo de una tipografía complutense /
_cpor Juan Catalina García.
260 _aMadrid :
_b[s.n.],
_c1889 (
_fImp. y Fundición de Manuel Tello)
300 _aXII, 673 p. ;
_c28 cm.
530 _aDisponible en formato digital.
586 _aObra premiada por la Biblioteca Nacional en el concurso público de 1887
597 _aTexto a dos columnas.
650 4 _aLibros antiguos-
_zAlcalá de Henares-
_vBibliografías.
_9165851
650 4 _aImprenta-
_zAlcalá de Henares-
_vHistoria.
_9145114
650 4 _aBibliografías alcalaínas.
_9145113
852 _aES-MaACL
_jB-2957
856 _uhttp://bibliotecavirtualmadrid.org/bvmadrid_publicacion/i18n/consulta/registro.do?id=1708
_zBiblioteca Digital de la Comunidad de Madrid
999 _c54923
_d54923